| 000 | 00718nam a22002537a 4500 | ||
|---|---|---|---|
| 999 |
_c6557 _d6557 |
||
| 001 | 332 | ||
| 003 | BD-DhUAP | ||
| 005 | 20210112095319.0 | ||
| 008 | 210104q ii ||||| |||| 00| 0 eng d | ||
| 020 | _a812191597x | ||
| 020 | _a8121915740 | ||
| 040 |
_aBD-DhUAP _bEng _cBD-DhUAP _dBD-DhUAP |
||
| 082 |
_223 _a833.6 WYS |
||
| 100 | _aWyss, Johann David. | ||
| 245 |
_aSwiss family Robinson / _cJohann David Wyss ; S. E. Paces. |
||
| 260 |
_aNew Delhi : _bS. Chand & Co., _c[...?]. |
||
| 300 |
_a135 pages ; _c22 cm. |
||
| 490 | _aGreat stories in easy english. | ||
| 500 | _aGreat stories in easy English. | ||
| 650 | _aClassic Literature. | ||
| 650 | _aFiction. | ||
| 700 | _aPaces, S. E. | ||
| 942 |
_2ddc _cBK |
||